Score 0/29 Timer 05:00
4 Plays Today
Rank Website % Correct
1Google
99.6%
4Facebook
99.2%
2YouTube
94.4%
15Live
93.1%
8eBay
88%
5Yahoo!
87.8%
21Twitter
80.7%
3Amazon
77.7%
13ESPN
76.8%
17Instagram
73.4%
7Wikipedia
67.7%
23CNN Interactive
67.3%
9Bing
67.3%
24LinkedIn
44.6%
10Netflix
41%
Rank Website % Correct
6Reddit
35.1%
16Walmart
34%
27Twitch
26.1%
22Dropbox
25.9%
19Chase
19.8%
28NY Times
19.1%
26Microsoftonline
14.7%
29Best Buy
11.6%
30Adobe
10.2%
11Office
8%
14Shopify
5.1%
12SalesForce
5%
18Tmall
4.1%
25Instructure.com
1.9%

You're not logged in!

Compare scores with friends on all Sporcle quizzes.
OR
Log In

Sporcle TV

Today on Sporcle TV


Watch our educational content, quiz creation guides, and fun videos on Sporcle TV.

Show Comments

Extras

Top Quizzes Today


Score Distribution

Paid Content

Your Account Isn't Verified!

In order to create a playlist on Sporcle, you need to verify the email address you used during registration. Go to your Sporcle Settings to finish the process.

Report this User

Report this user for behavior that violates our Community Guidelines.

Details: